VoyageTM 200: calculadora gráfica. TI-89 Titanium

Guardat en:
Dades bibliogràfiques
Autor corporatiu: Texas Instruments (Autor)
Format: Llibre
Idioma:espanyol
Publicat: Dallas Texas Instruments 2005
Edició:1a. ed
Matèries:
Etiquetes: Afegir etiqueta
Sense etiquetes, Sigues el primer a etiquetar aquest registre!

MARC

LEADER 00000nam a2200000 a 4500
001 UCJ0944
003 CL-VaPUC
008 060929e20050000US |||||||||||||||||spa|d
082 0 4 |a 681.145  |b TEX  |2 21 
110 2 |a Texas Instruments  |e author  |9 501414 
245 1 0 |a VoyageTM 200: calculadora gráfica. TI-89 Titanium 
250 |a 1a. ed 
942 |c BK 
945 |d 20060929 00:00:00  |a cmena 
260 |a Dallas  |b Texas Instruments  |c 2005 
500 |a Incluye Manual en español y Cd-Rom: TI Graphing product CD v.1.4 
650 0 |a Calculadoras  |9 353224 
650 0 |a Aplicaciones de computadores  |9 260401 
650 0 |a Gráficos   |9 351109 
583 |a last modification  |c 20171031 11:00:28  |k Rodrigo Vera 
999 |c 317680  |d 317678 
952 |0 0  |1 0  |2 ddc  |4 0  |6 681_145000000000000_TEX_2005  |7 0  |8 R  |9 394518  |a BIBING  |b BIBING  |d 2019-11-22  |i 4282582  |l 22  |o 681.145 TEX 2005  |p 4282582  |r 2025-01-20  |s 2024-12-10  |w 2019-11-22  |y CALC  |k ING 
952 |0 0  |1 0  |4 0  |6 681_145000000000000_TEX_2005  |7 0  |8 R  |9 394519  |a BIBMAT  |b BIBMAT  |d 2019-11-22  |i 4282590  |o 681.145 TEX 2005  |p 4282590  |r 2025-01-07  |w 2019-11-22  |y CALC  |k MAT 
952 |0 0  |1 0  |2 ddc  |4 0  |6 681_145000000000000_TEX_2005  |7 0  |8 R  |9 394520  |a BIBING  |b BIBING  |d 2019-11-22  |i 4282604  |l 20  |o 681.145 TEX 2005  |p 4282604  |r 2025-01-20  |s 2024-11-21  |w 2019-11-22  |y CALC  |k ING 
952 |0 0  |1 0  |2 ddc  |4 0  |6 681_145000000000000_TEX_2005  |7 0  |8 R  |9 394521  |a BIBING  |b BIBING  |d 2019-11-22  |i 4282612  |l 22  |o 681.145 TEX 2005  |p 4282612  |r 2025-01-20  |s 2024-12-10  |w 2019-11-22  |y CALC  |k ING 
952 |0 0  |1 0  |2 ddc  |4 0  |6 681_145000000000000_TEX_2005  |7 0  |8 R  |9 394522  |a BIBING  |b BIBING  |d 2019-11-22  |i 4282620  |l 24  |m 1  |o 681.145 TEX 2005  |p 4282620  |r 2025-01-20  |s 2024-11-19  |w 2019-11-22  |y CALC  |k ING 
952 |0 0  |1 0  |2 ddc  |4 0  |6 681_145000000000000_TEX_2005  |7 0  |8 R  |9 394523  |a BIBING  |b BIBING  |d 2019-11-22  |i 4282639  |l 17  |m 1  |o 681.145 TEX 2005  |p 4282639  |r 2025-01-20  |s 2024-06-17  |w 2019-11-22  |y CALC  |k ING 
952 |0 0  |1 0  |4 0  |6 681_145000000000000_TEX_2005  |7 0  |8 R  |9 394524  |a BIBMAT  |b BIBMAT  |d 2019-11-22  |i 4282647  |o 681.145 TEX 2005  |p 4282647  |r 2025-01-07  |w 2019-11-22  |y CALC  |k MAT 
952 |0 0  |1 0  |4 0  |6 681_145000000000000_TEX_2005  |7 0  |8 R  |9 394525  |a BIBMAT  |b BIBMAT  |d 2019-11-22  |i 4282655  |o 681.145 TEX 2005  |p 4282655  |r 2025-01-07  |w 2019-11-22  |y CALC  |k MAT 
952 |0 0  |1 0  |2 ddc  |4 0  |6 681_145000000000000_TEX_2005  |7 0  |8 R  |9 394526  |a BIBING  |b BIBING  |c RES  |d 2019-11-22  |i 4282663  |l 21  |m 3  |o 681.145 TEX 2005  |p 4282663  |r 2025-01-20  |s 2024-07-01  |w 2019-11-22  |y CALC  |k ING 
952 |0 0  |1 0  |4 0  |6 681_145000000000000_TEX_2005  |7 0  |8 R  |9 394527  |a BIBMAT  |b BIBMAT  |d 2019-11-22  |i 4282671  |o 681.145 TEX 2005  |p 4282671  |r 2025-01-07  |w 2019-11-22  |y CALC  |k MAT 
952 |0 0  |1 0  |2 ddc  |4 0  |6 681_145000000000000_TEX_2005  |7 0  |8 R  |9 394528  |a BIBING  |b BIBING  |d 2019-11-22  |i 428268K  |l 15  |o 681.145 TEX 2005  |p 428268K  |r 2025-01-20  |s 2024-06-17  |w 2019-11-22  |y CALC  |k ING 
952 |0 0  |1 0  |4 0  |6 681_145000000000000_TEX_2005  |7 0  |8 R  |9 394529  |a BIBMAT  |b BIBMAT  |d 2019-11-22  |i 4282698  |l 1  |o 681.145 TEX 2005  |p 4282698  |r 2025-01-07  |s 2023-06-19  |w 2019-11-22  |y CALC  |k MAT 
952 |0 0  |1 0  |2 ddc  |4 0  |6 681_145000000000000_TEX_2005  |7 0  |8 R  |9 394530  |a BIBING  |b BIBING  |d 2019-11-22  |i 4282701  |l 20  |o 681.145 TEX 2005  |p 4282701  |r 2025-01-20  |s 2024-12-05  |w 2019-11-22  |y CALC  |k ING 
952 |0 0  |1 0  |4 0  |6 681_145000000000000_TEX_2005  |7 0  |8 R  |9 394531  |a BIBMAT  |b BIBMAT  |d 2019-11-22  |i 428271K  |o 681.145 TEX 2005  |p 428271K  |r 2025-01-07  |w 2019-11-22  |y CALC  |k MAT 
952 |0 0  |1 0  |4 0  |6 681_145000000000000_TEX_2005  |7 0  |8 R  |9 394532  |a BIBMAT  |b BIBMAT  |d 2019-11-22  |i 4282728  |o 681.145 TEX 2005  |p 4282728  |r 2025-01-07  |w 2019-11-22  |y CALC  |k MAT 
952 |0 0  |1 0  |2 ddc  |4 0  |6 681_145000000000000_TEX_2005  |7 0  |8 R  |9 394533  |a BIBING  |b BIBING  |d 2019-11-22  |i 4282736  |l 43  |m 2  |o 681.145 TEX 2005  |p 4282736  |r 2025-01-20  |s 2024-06-17  |w 2019-11-22  |y CALC  |k ING 
952 |0 0  |1 0  |2 ddc  |4 0  |6 681_145000000000000_TEX_2005  |7 0  |8 R  |9 394534  |a BIBING  |b BIBING  |d 2019-11-22  |i 4282744  |l 24  |o 681.145 TEX 2005  |p 4282744  |r 2025-01-20  |s 2024-11-22  |w 2019-11-22  |y CALC  |k ING 
952 |0 0  |1 0  |4 0  |6 681_145000000000000_TEX_2005  |7 0  |8 R  |9 394535  |a BIBMAT  |b BIBMAT  |d 2019-11-22  |i 4282752  |o 681.145 TEX 2005  |p 4282752  |r 2025-01-07  |w 2019-11-22  |y CALC  |k MAT 
952 |0 0  |1 0  |4 0  |6 681_145000000000000_TEX_2005  |7 0  |8 R  |9 394536  |a BIBMAT  |b BIBMAT  |d 2019-11-22  |i 4282760  |o 681.145 TEX 2005  |p 4282760  |r 2025-01-07  |w 2019-11-22  |y CALC  |k MAT 
952 |0 0  |1 0  |4 0  |6 681_145000000000000_TEX_2005  |7 0  |8 R  |9 394538  |a BIBMAT  |b BIBMAT  |d 2019-11-22  |i 4368274  |o 681.145 TEX 2005  |p 4368274  |r 2025-01-07  |w 2019-11-22  |y CALC  |k MAT 
952 |0 0  |1 0  |4 0  |6 681_145000000000000_TEX_2005  |7 0  |8 A  |9 394540  |a BIBCUR  |b BIBCUR  |d 2019-11-22  |i 4285190  |l 6  |o 681.145 TEX 2005  |p 4285190  |r 2024-11-25  |s 2024-11-18  |w 2019-11-22  |y CALC  |k BAC 
952 |0 0  |1 0  |2 ddc  |4 0  |6 681_145000000000000_TEX_2005  |7 0  |8 A  |9 394541  |a BIBAGR  |b BIBAGR  |d 2019-11-22  |i 4285204  |l 1  |o 681.145 TEX 2005  |p 4285204  |r 2022-04-21  |s 2022-04-21  |w 2019-11-22  |y CALC  |k BAC